000 00793nam a22002297a 4500
003 OSt
005 20250819083840.0
008 250819b |||||||| |||| 00| 0 eng d
020 _a978-93250-0-3
040 _aDWC-Main Lib
_cOC
082 _aCirc. 268.6 B877g 2002
100 _aBrown, Gordon
245 _aGuiding faculty to excellence :
_binstructional supervision in the Christian school/
_cGordon Brown
250 _a2nd edition
260 _aColorado, Spring :
_bPurposeful Design Publication,
_cc2002.
300 _axii, 218 pages :
_billustrations ;
_c23cm.
504 _aIncludes bibliographical references.
650 _a1. Church school-- Administration.
650 _a2. School Supervision.
650 _a3. Church school.
942 _2ddc
_cBK-CIRC
_e2nd edition
_kCirc.
_n0
999 _c4091
_d4091